| 000 | 00455nam a2200181Ia 4500 | ||
|---|---|---|---|
| 008 | 240925s9999 xx 000 0 und d | ||
| 020 | _a9780470065273 | ||
| 082 | _a658.83 ESO | ||
| 100 | _aMouncey, Peter | ||
| 245 | 0 | _aMarket Research Best Practice | |
| 250 | _aNA | ||
| 260 |
_aAustralia: _bJohn Wiley & Sons _c,2007. |
||
| 300 |
_a669p. _bNA _fOriginal |
||
| 500 | _aIncludes Index | ||
| 600 | _aManagement | ||
| 650 | _aManagement | ||
| 942 | _cBK | ||
| 999 |
_c15109 _d15109 |
||